000 00443nam a2200181Ia 4500
001 10376
005 20260306161827.0
008 260306t2010||||xx |||||||||||||| ||spa||
041 _aESP
082 _a922.2
_bT79
100 _aTrevor, Meriol
_eAUT
245 0 _aJohn Henry Newman:
_bcrónica de un amor a la verdad
260 _c2010
300 _a318 páginas :
_c22 cm.
650 _aGEN
654 _aCHU
942 _cLIB
_dJUS
_fJUS
_2ddc
_n
999 _c10376
_d10376